| 000 | 01108nam a22003257a 4500 | ||
|---|---|---|---|
| 003 | CHAP | ||
| 005 | 20220817041942.0 | ||
| 008 | 971013s mx r 00010 spa d | ||
| 010 | _a29790 | ||
| 011 | _a30762 | ||
| 035 | _a34874 | ||
| 040 | _cCHAP | ||
| 082 | 0 | 4 |
_a584.9 _bL5 |
| 100 | 0 | 0 |
_aLicona Franco, María Teresa Antonia. _966707 |
| 245 | 1 | _aBotánica de forrajes (Gramineae) | |
| 260 |
_aChapingo, Méx. : _bUACH. Departamento de Zootecnia, _c(s.a.) |
||
| 300 | _apág. varía | ||
| 590 |
_aBATCH-UPD _b10 _c20130110 _lUCH01 _h1800 |
||
| 590 |
_aBATCH-UPD _b10 _c20130410 _lUCH01 _h1136 |
||
| 590 |
_aBATCH-UPD _b10 _c20130914 _lUCH01 _h1430 |
||
| 590 |
_aCONVERSION _b10 _c20130109 _lUCH01 _h1317 |
||
| 650 | 1 | 4 | _aForrajes. |
| 650 | 1 | 4 |
_aGramíneas. _950260 |
| 901 | _aBK | ||
| 942 | _cLIBRO | ||
| 949 |
_a584.9 L5 _bBC _cLIBRO _d-80601 _eLIBRO _fc.4 _h78719 _i34874 _mD _si |
||
| 949 |
_a584.9 L5 _bBC _cLIBRO _d33724000350450 _eLIBRO _fc.3 _h59810 _i34874 _si |
||
| 949 |
_a584.9 L5 _bBC _cLIBRO _d33724000355640 _eLIBRO _h59995 _i34874 _mD _si |
||
| 949 |
_a584.9 L5 _bBC _cUACH _d-80599 _eUACH _fc.2 _h59961 _i34874 _mD _si |
||
| 999 |
_c29790 _d29790 |
||